000 00476nam a2200181Ia 4500
001 20939
005 20260306172842.0
008 260306t2000||||xx |||||||||||||| ||spa||
041 _aESP
082 _a343.8C6
_bG69
100 _aGonzáles Soto, Adrián
_eAUT
245 0 _aCódigo tributario:
_bestudio teórico-práctico del texto único ordenado
260 _c2000
300 _a304 páginas :
_c21 cm.
650 _aGEN
654 _aCCO
942 _cLIB
_dJUS
_fJUS
_2ddc
_n
999 _c20939
_d20939